|
|
|
|
| LEADER |
00000nas a2200000 a 4500 |
| 001 |
ssj0038182 |
| 003 |
WaSeSS |
| 005 |
20200512172242.0 |
| 006 |
m d |
| 007 |
cr n |
| 008 |
050404c20059999enkar pss 0 a0eng c |
| 010 |
|
|
|a 2005243561
|
| 015 |
|
|
|a GBA8D8354
|2 bnb
|
| 016 |
7 |
|
|a 101235389
|2 DNLM
|
| 016 |
7 |
|
|a 013453361
|2 Uk
|
| 016 |
7 |
|
|a 013430701
|2 Uk
|
| 035 |
|
|
|a (WaSeSS)ssj0038182
|
| 040 |
|
|
|a VAM
|b eng
|c VAM
|d SMI
|d OCLCQ
|d NLM
|d CUS
|d DLC
|d OCL
|d CUS
|d WAU
|d UKMGB
|d OCLCQ
|d OCLCF
|d OCLCO
|d EUW
|d OCLCO
|d OCLCQ
|d OCLCO
|d OCLCQ
|d CASUM
|d OCLCO
|d OCLCA
|d WT2
|d OCLCQ
|d AU@
|d OCLCA
|d OCLCQ
|d U3W
|d OCLCQ
|d WaSeSS
|
| 042 |
|
|
|a pcc
|
| 050 |
|
4 |
|a QH506
|
| 060 |
1 |
0 |
|a W1
|
| 082 |
0 |
4 |
|a 572.8
|
| 210 |
1 |
0 |
|a Mol Syst Biol
|
| 245 |
0 |
0 |
|a Molecular systems biology
|h [electronic resource].
|
| 260 |
|
|
|a London :
|b Nature Pub. Group,
|c ©2005-
|
| 362 |
0 |
|
|a Mar. 2005-
|
| 500 |
|
|
|a Title from PDF caption (publisher Web site, viewed June 3, 2005).
|
| 506 |
|
|
|a License restrictions may limit access.
|
| 538 |
|
|
|a Mode of access: World Wide Web.
|
| 550 |
|
|
|a Published on behalf of European Molecular Biology Organization.
|
| 588 |
1 |
|
|a May 2005 (viewed June 3, 2005).
|
| 650 |
|
0 |
|a Molecular biology
|v Periodicals.
|
| 650 |
|
0 |
|a Systems biology
|v Periodicals.
|
| 650 |
1 |
2 |
|a Molecular Biology.
|
| 650 |
2 |
2 |
|a Systems Biology.
|
| 650 |
|
7 |
|a Molecular biology.
|2 fast
|0 (OCoLC)fst01024734
|
| 650 |
|
7 |
|a Systems biology.
|2 fast
|0 (OCoLC)fst01745552
|
| 655 |
|
0 |
|a Electronic journals.
|
| 710 |
2 |
|
|a European Molecular Biology Organization.
|
| 776 |
1 |
|
|a Molecular systems biology
|x 1744-4292
|w (DLC) 2006208920
|w (OCoLC)65182959
|
| 856 |
4 |
0 |
|z Full text available from Research Library: 01/01/2005 to present
|u https://search.proquest.com/publication/29031
|